000 00415nam a2200157Ia 4500
008 220214s9999 xx 000 0 und d
100 _aWang Qinli
245 0 _aBoron influences pollen germination and pollen tube growth in Picea meyeri
260 _bTree Physiology
_c2003
300 _a345-351
700 _a
_LU Longdou
700 _aLi Yiqin
700 _aLin Jinxing
700 _aWu Xiaoqin
942 _cRE
999 _c45808
_d45808